000 00522nam a2200181Ia 4500
001 15356
005 20260306170150.0
008 260306t1964||||xx |||||||||||||| ||und||
041 _aESP
082 _a532.05
_bB55
100 _aBird, Byron R.
_eAUT
245 0 _aFenómenos de transporte:
_bun estudio sistemático de los fundamentos del transporte de materia, energía y cantidad demovimiento
260 _c1964
300 _avs. páginas :
_c21 cm.
650 _aGEN
654 _aCCN
942 _cLIB
_dJUS
_fJUS
_2ddc
_n
999 _c15356
_d15356